000 00451nam a2200157 i 4500
001 26702
003 ES-MaACL
005 20230906153503.0
007 t|
008 030110s1953 sp ||||1| spa d
245 0 0 _aAtalaya
_b: entrega de poesías /
_c[dirigida por Agustín Luque].
260 _a[Madrid] :
_bAgemundo,
_c1953 (
_fLa Rafa)
300 _a48 p. ;
_c17 cm.
700 1 _aLuque, Agustín.
_974808
852 _aES-MaACL
_j1979-F-15
_bR.34589
999 _c26702
_d26702